000 00335nam a2200145Ia 4500
008 150201s2009 xx 000 0 und d
082 _a611
_bM2009P
100 _aPAL.GP
245 _aMEDICAL GENETICS FOR DENTAL STUDENTS
250 _a1ST
260 _bAITBS
_aDELHI
_c2009
300 _a1-140
650 _aANATOMY
942 _2ddc
_cBK
999 _c4511
_d4511